যুক্তিবিদ্যা পরিচিতি / (Record no. 36661)
[ view plain ]
| 000 -LEADER | |
|---|---|
| fixed length control field | 00873nam a2200241 a 4500 |
| 001 - CONTROL NUMBER | |
| control field | 36661 |
| 003 - CONTROL NUMBER IDENTIFIER | |
| rucl marc code | BD-RjUL |
| 005 - DATE AND TIME OF LATEST TRANSACTION | |
| control field | 20211209052521.0 |
| 008 - FIXED-LENGTH DATA ELEMENTS--GENERAL INFORMATION | |
| fixed length control field | 160502s1997 bg a|||e b||| 000 0 ben d |
| 020 ## - INTERNATIONAL STANDARD BOOK NUMBER | |
| Terms of availability | : 150.00 |
| 035 ## - SYSTEM CONTROL NUMBER | |
| System control number | (BD-RjUL)36762 |
| 040 ## - CATALOGING SOURCE | |
| Original cataloging agency | BD-RjUL |
| Language of cataloging | ben |
| Transcribing agency | BD-RjUL |
| Modifying agency | BD-RjUL |
| 041 ## - LANGUAGE CODE | |
| Language code of text/sound track or separate title | ben |
| 082 ## - DEWEY DECIMAL CLASSIFICATION NUMBER | |
| Edition number | 23 |
| Classification number | 160 |
| Author mark and year | SHJ 1997 |
| 100 ## - MAIN ENTRY--PERSONAL NAME | |
| Personal name | শামসুদ্দিন, মো: |
| 9 (RLIN) | 111696 |
| 245 10 - TITLE STATEMENT | |
| Title | যুক্তিবিদ্যা পরিচিতি / |
| Statement of responsibility, etc. | মো: শামসুদ্দিন |
| 260 ## - PUBLICATION, DISTRIBUTION, ETC. (IMPRINT) | |
| Place of publication, distribution, etc. | রাজশাহী : |
| Name of publisher, distributor, etc. | পরাগ-পুলক, |
| Date of publication, distribution, etc. | ১৯৯৭ |
| 300 ## - PHYSICAL DESCRIPTION | |
| Pagination | [১০], ৩৫৮ পৃ. : |
| Illustrations | চিত্র ; |
| Size | ২২ সেমি. |
| 504 ## - BIBLIOGRAPHY, ETC. NOTE | |
| Bibliography, etc | গ্রন্থপঞ্জি সংযুক্ত |
| 650 ## - SUBJECT ADDED ENTRY--TOPICAL TERM | |
| Topical term or geographic name as entry element | যুক্তিবিদ্যা |
| 9 (RLIN) | 111697 |
| Topical term or geographic name as entry element | Logic |
| 9 (RLIN) | 111698 |
| 942 ## - ADDED ENTRY ELEMENTS (KOHA) | |
| Source of classification or shelving scheme | Dewey Decimal Classification |
| Koha item type | Books |
| Lost status | Source of classification or shelving scheme | Damaged status | Not for loan | Collection code | Permanent Location | Current Location | Shelving location | Date acquired | Source of acquisition | Cost, normal purchase price | Total Checkouts | Full call number | Date last seen | Copy number | Koha item type | Checked out | Date checked out |
|---|---|---|---|---|---|---|---|---|---|---|---|---|---|---|---|---|---|
| Dewey Decimal Classification | Not For Loan | Non-fiction | Central Library, University of Rajshahi | Central Library, University of Rajshahi | Reading Room | 13/01/1999 | Author | 150.00 | B 160 SHJ 1997 | 06/08/2014 | C-1 | Books | |||||
| Dewey Decimal Classification | Non-fiction | Central Library, University of Rajshahi | Central Library, University of Rajshahi | 13/01/1999 | Author | 150.00 | 19 | B 160 SHJ 1997 | 27/04/2026 | C-2 | Books | 12/05/2026 | 27/04/2026 | ||||
| Dewey Decimal Classification | Non-fiction | Central Library, University of Rajshahi | Central Library, University of Rajshahi | 13/01/1999 | Author | 150.00 | 11 | B 160 SHJ 1997 | 12/04/2026 | C-3 | Books | 27/04/2026 | 12/04/2026 | ||||
| Dewey Decimal Classification | Non-fiction | Central Library, University of Rajshahi | Central Library, University of Rajshahi | 13/01/1999 | Author | 150.00 | 5 | B 160 SHJ 1997 | 10/03/2025 | C-4 | Books | 19/02/2025 | |||||
| Dewey Decimal Classification | Non-fiction | Central Library, University of Rajshahi | Central Library, University of Rajshahi | 13/01/1999 | Author | 150.00 | B 160 SHJ 1997 | 06/08/2014 | C-5 | Books |